000
00272nam a22001217a 4500
041
_a
ENG
100
_a
Gomey.K.
245
_a
Statistal procedch For Agricul Research
260
_a
Delhi
_b
Wiley -Inters Cience
_c
1984
300
_a
680
650
_a
Maths
856
_u
Maths
999
_c
2657
_d
2657